Who'sWho in the World 1993-1994 = Kto je kto vo svete 1993-1994
Saved in:
| Format: | Book |
|---|---|
| Language: | English |
| Published: |
New Providence :
Reed Publishing Inc,
1992
|
| Edition: | 11.ed. |
| Series: | Marquis Who'sWho
|
| Subjects: | |
| Tags: |
No Tags, Be the first to tag this record!
|
MARC
| LEADER | 00000nam a22000003a 4500 | ||
|---|---|---|---|
| 001 | stu3401 | ||
| 005 | 20141121191616.6 | ||
| 008 | 930326s1992----xxu-----------------eng-d | ||
| 020 | |a 0-8379-1111-7 | ||
| 040 | |a STU |b slo | ||
| 041 | 0 | |a eng | |
| 044 | |a xxu | ||
| 080 | |a 03 |7 stu_us_auth*stu8317 | ||
| 080 | |a 92(100) | ||
| 245 | |a Who'sWho in the World 1993-1994 = Kto je kto vo svete 1993-1994 | ||
| 250 | |a 11.ed. | ||
| 260 | |a New Providence : |b Reed Publishing Inc, |c 1992 | ||
| 300 | |a 1299 s | ||
| 650 | 7 | |a encyklopédie |2 stusub | |
| 650 | 7 | |a osobnosti |2 stusub | |
| 650 | 7 | |a všeobecnosti |2 stusub | |
| 830 | 0 | |a Marquis Who'sWho | |
| 996 | |b 284EK08598 |c E*78018 |l EE0101 |s P |a 0 |w stu3401_0001 | ||